• 首页
  • 本馆介绍
  • 公告通知
  • 最新文献
  • 馆藏检索
  • 电子资源
  • 读者导购
  • 参考咨询
  • 我的图书馆
  • 登录
  • 详细信息显示
  • 放入我的书架
  • 预约/预借图书
  • 作者相关作品
  • 分类相关作品
  • 丛书相关作品
  • 出版社相关作品

书目信息

  • 表格格式
  • 工作单格式
  • 卡片格式
题名:
农药残留量实用检测方法
    
 
作者: ;全国农药残留试验研究协作组 编
分册: 第二卷  
出版信息: 北京   化学工业出版社  2001
页数: 555
开本: 20cm
丛书名:
单 册:
中图分类: S481-62
科图分类:
主题词: 植物--灾害--农药防治 , 植物--灾害--化学防治
电子资源:
ISBN: 7-5025-3212-9
000 00725nam0 2200193 450
001 0754114953
005 20070929150154.95
010    @a7-5025-3212-9@b精装
100    @a20070929d km y0chiy0120 ea
101 0  @achi
200 1  @a农药残留量实用检测方法@Anong yao can liu liang shi yong jian ce fang fa@h第二卷@f全国农药残留试验研究协作组 编@Fquan guo nong yao can liu shi yan yan jiu xie zuo zu bian
210    @a北京@c化学工业出版社@d2001
215    @a555@c插图@d20cm
606 0  @a植物@x灾害@x农药防治
606 0  @a植物@x灾害@x化学防治
690    @aS481-62@v3
711 02 @a全国农药残留试验研究协作组@Aquan guo nong yao can liu shi yan yan jiu xie zuo zu@4编
801  0 @aCN@bPFT@c20070929
905    @a213230@dS481-62@eh25@f1
    
    农药残留量实用检测方法.第二卷/全国农药残留试验研究协作组 编.-北京:化学工业出版社,2001
    555:插图;20cm
    
    
    ISBN 7-5025-3212-9(精装):
    
●
相关链接 在E读中查询图书 在五车中查询图书 在当当中查询图书 在豆瓣中查询图书


正题名:农药残留量实用检测方法     索取号:S481-62/h25         预约/预借

序号 登录号 条形码 馆藏地/架位号 状态 备注
1 6001618   260016182   密集书库-化学系/ [索取号:S481-62/h25] 在馆    
2 6001619   260016191   密集书库-化学系/ [索取号:S481-62/h25] 在馆    
唐山师范学院图书馆 欢迎您!
大连网信软件有限公司© 版权所有